[Event "Moscow_Open_19_TurnirA"]
[Site "?"]
[Date "2019.01.31"]
[Round "6.13"]
[White "Potapov, Pavel"]
[Black "Suleymenov, Alisher"]
[Result "1/2-1/2"]
[BlackElo "2404"]
[WhiteElo "2516"]
[LiveChessVersion "1.4.8"]

1. e4 {[%clk 1:30:58]} e6 {[%clk 1:26:00]} 2. d4 {[%clk 1:31:15]} d5
{[%clk 1:26:24]} 3. Nc3 Nf6 {[%clk 1:16:29]} 4. e5 {[%clk 1:26:09]} Ne4
{[%clk 1:09:01]} 5. Nce2 {[%clk 1:22:22]} f6 {[%clk 0:51:22]} 6. f3
{[%clk 1:12:57]} Ng5 {[%clk 0:51:50]} 7. h4 {[%clk 1:12:38]} Nf7 {[%clk 0:52:14]}
8. f4 {[%clk 1:12:45]} c5 {[%clk 0:49:30]} 9. c3 {[%clk 1:11:31]} Nc6
{[%clk 0:49:25]} 10. Nf3 {[%clk 1:11:11]} Bd7 {[%clk 0:37:34]} 11. g4
{[%clk 1:07:31]} Qb6 {[%clk 0:32:16]} 12. g5 {[%clk 1:00:31]} cxd4
{[%clk 0:30:24]} 13. cxd4 {[%clk 1:00:21]} Bb4+ {[%clk 0:29:27]} 14. Bd2
{[%clk 0:58:25]} fxe5 {[%clk 0:29:23]} 15. fxe5 {[%clk 0:50:44]} O-O
{[%clk 0:27:15]} 16. Qb3 {[%clk 0:40:29]} Nfxe5 {[%clk 0:25:05]} 17. Nxe5
{[%clk 0:34:04]} Nxe5 {[%clk 0:20:04]} 18. dxe5 {[%clk 0:32:03]} Ba4
{[%clk 0:13:08]} 19. Qxa4 {[%clk 0:26:01]} Bxd2+ {[%clk 0:13:37]} 20. Kd1
{[%clk 0:25:46]} Qxb2 {[%clk 0:10:19]} 21. Qd4 {[%clk 0:25:52]} Qxd4
{[%clk 0:10:26]} 22. Nxd4 {[%clk 0:26:21]} Bc3 {[%clk 0:10:45]} 23. Nb3
{[%clk 0:25:12]} Bxa1 {[%clk 0:11:00]} 24. Nxa1 {[%clk 0:25:38]} Rf5
{[%clk 0:10:18]} 25. Bd3 {[%clk 0:25:53]} Rxe5 {[%clk 0:09:22]} 26. Kd2
{[%clk 0:25:20]} Rf8 {[%clk 0:07:35]} 27. Nc2 {[%clk 0:25:28]} Rf4
{[%clk 0:07:12]} 28. g6 {[%clk 0:23:40]} hxg6 {[%clk 0:04:06]} 29. Bxg6
{[%clk 0:24:06]} Kf8 {[%clk 0:04:13]} 30. Rb1 {[%clk 0:19:47]} b6
{[%clk 0:04:04]} 31. Rb4 {[%clk 0:18:22]} Rf2+ {[%clk 0:04:03]} 32. Kc3
{[%clk 0:17:08]} Rf3+ {[%clk 0:03:48]} 33. Kb2 {[%clk 0:17:03]} Ke7
{[%clk 0:03:06]} 34. a4 {[%clk 0:17:23]} Kd6 {[%clk 0:02:46]} 35. a5
{[%clk 0:16:36]} Kc7 {[%clk 0:01:41]} 36. axb6+ {[%clk 0:16:25]} axb6
{[%clk 0:02:10]} 37. Ra4 {[%clk 0:16:43]} Kb7 {[%clk 0:02:08]} 38. Rg4
{[%clk 0:16:46]} Kc7 {[%clk 0:01:12]} 39. Ra4 {[%clk 0:15:34]} Rg3
{[%clk 0:01:08]} 40. h5 {[%clk 0:45:01]} Kd6 {[%clk 0:31:11]} 41. Ra7 Re2
{[%clk 0:15:59]} 42. Rxg7 {[%clk 0:38:19]} d4 {[%clk 0:16:13]} 43. Rg8
{[%clk 0:37:34]} Ke5 {[%clk 0:16:38]} 44. Rd8 {[%clk 0:37:09]} Rh2
{[%clk 0:16:53]} 45. Ka1 {[%clk 0:25:20]} Rg1+ {[%clk 0:04:43]} 46. Kb2
{[%clk 0:25:43]} Rd1 {[%clk 0:04:56]} 47. Kb3 {[%clk 0:22:56]} Rb1+
{[%clk 0:05:21]} 48. Ka2 {[%clk 0:21:51]} Rb5 {[%clk 0:04:11]} 49. Ka3
{[%clk 0:15:15]} Rd5 {[%clk 0:04:27]} 50. Rxd5+ {[%clk 0:15:40]} Kxd5
{[%clk 0:04:48]} 51. Kb4 {[%clk 0:15:48]} Rh3 {[%clk 0:02:49]} 52. Kb5
{[%clk 0:15:53]} e5 {[%clk 0:01:02]} 53. Nb4+ {[%clk 0:16:18]} Kd6
{[%clk 0:01:22]} 54. Kxb6 {[%clk 0:16:27]} Rh4 {[%clk 0:01:39]} 55. Kb5
{[%clk 0:16:20]} Rh3 {[%clk 0:01:10]} 56. Nd3 {[%clk 0:16:12]} Rh2
{[%clk 0:01:04]} 57. Nc5 {[%clk 0:15:52]} Rh1 {[%clk 0:01:18]} 58. Ne4+
{[%clk 0:15:40]} Kd5 {[%clk 0:01:02]} 59. Ng3 {[%clk 0:14:45]} Rh3
{[%clk 0:01:03]} 60. Bf7+ {[%clk 0:13:49]} Kd6 {[%clk 0:01:32]} 61. Ne4+
{[%clk 0:13:36]} Ke7 {[%clk 0:01:46]} 62. Bg6 {[%clk 0:14:00]} Kf8
{[%clk 0:01:17]} 63. Kc4 {[%clk 0:13:46]} Re3 {[%clk 0:01:28]} 64. Nc5
{[%clk 0:12:21]} Kg8 {[%clk 0:00:44]} 65. Kd5 {[%clk 0:12:13]} Kh8
{[%clk 0:00:43]} 66. Nd3 {[%clk 0:11:26]} Kg7 {[%clk 0:00:53]} 67. Nxe5
{[%clk 0:11:22]} Rxe5+ {[%clk 0:01:09]} 68. Ke4 1/2-1/2

[Event "Moscow_Open_19_TurnirA"]
[Site "?"]
[Date "2019.01.31"]
[Round "6.14"]
[White "Afanasiev, Nikita"]
[Black "Bykov, Oleg"]
[Result "1-0"]
[BlackElo "2395"]
[WhiteElo "2508"]
[LiveChessVersion "1.4.8"]

1. e4 {[%clk 1:18:56]} e6 {[%clk 1:30:43]} 2. d4 {[%clk 1:19:19]} d5
{[%clk 1:31:08]} 3. Nc3 {[%clk 1:19:44]} Nf6 {[%clk 1:31:30]} 4. Bg5
{[%clk 1:20:06]} dxe4 {[%clk 1:31:54]} 5. Nxe4 {[%clk 1:20:25]} Be7
{[%clk 1:32:19]} 6. Bxf6 {[%clk 1:20:38]} gxf6 {[%clk 1:32:44]} 7. Qd3
{[%clk 1:21:01]} f5 {[%clk 1:30:18]} 8. Nc3 {[%clk 1:21:21]} c5 {[%clk 1:26:48]}
9. d5 {[%clk 1:17:23]} e5 {[%clk 1:25:48]} 10. O-O-O {[%clk 1:14:09]} Bf6
{[%clk 1:17:52]} 11. g4 {[%clk 1:05:01]} fxg4 {[%clk 1:13:30]} 12. h3
{[%clk 1:03:43]} h5 {[%clk 0:51:20]} 13. hxg4 {[%clk 0:46:24]} Bxg4
{[%clk 0:46:50]} 14. Be2 {[%clk 0:45:08]} Bxe2 {[%clk 0:42:18]} 15. Qxe2
{[%clk 0:41:51]} Nd7 {[%clk 0:42:06]} 16. Rxh5 {[%clk 0:42:10]} Qa5
{[%clk 0:36:24]} 17. Ne4 {[%clk 0:40:48]} Rxh5 {[%clk 0:33:33]} 18. Qxh5
{[%clk 0:41:10]} O-O-O {[%clk 0:32:59]} 19. Kb1 {[%clk 0:40:03]} Qb4
{[%clk 0:31:31]} 20. Qf5 {[%clk 0:40:01]} Bg7 {[%clk 0:31:00]} 21. a3
{[%clk 0:38:45]} Qb6 {[%clk 0:31:18]} 22. d6 {[%clk 0:37:52]} Qc6
{[%clk 0:24:10]} 23. Ne2 {[%clk 0:37:38]} b5 {[%clk 0:23:59]} 24. N2c3
{[%clk 0:37:12]} b4 {[%clk 0:23:18]} 25. Nd5 {[%clk 0:37:35]} Qb5
{[%clk 0:23:08]} 26. axb4 {[%clk 0:37:56]} cxb4 {[%clk 0:23:29]} 27. Qxf7
{[%clk 0:37:52]} Bh6 {[%clk 0:23:44]} 28. Rd3 {[%clk 0:31:06]} a5
{[%clk 0:22:35]} 29. c4 {[%clk 0:30:24]} Qa4 {[%clk 0:22:25]} 30. Nb6+
{[%clk 0:30:49]} 1-0

[Event "Moscow_Open_19_TurnirA"]
[Site "?"]
[Date "2019.01.31"]
[Round "6.15"]
[White "Schekachikhin, Maksim"]
[Black "Khegay, Dmitriy"]
[Result "1-0"]
[BlackElo "2504"]
[WhiteElo "2391"]
[LiveChessVersion "1.4.8"]

1. d4 Nf6 2. c4 {[%clk 1:30:54]} e6 {[%clk 1:27:51]} 3. Nc3 {[%clk 1:31:02]} Bb4
{[%clk 1:28:17]} 4. Qc2 {[%clk 1:31:18]} O-O {[%clk 1:28:41]} 5. e4
{[%clk 1:30:52]} d6 {[%clk 1:28:50]} 6. e5 Nfd7 7. exd6 {[%clk 1:28:00]} cxd6
{[%clk 1:29:14]} 8. Nf3 Nf6 {[%clk 1:27:42]} 9. Bd3 {[%clk 1:25:30]} b6
{[%clk 1:27:15]} 10. O-O {[%clk 1:13:43]} Bb7 {[%clk 1:27:33]} 11. Ne4
{[%clk 0:59:47]} Nxe4 {[%clk 1:27:02]} 12. Bxe4 {[%clk 1:00:12]} Bxe4
{[%clk 1:27:29]} 13. Qxe4 {[%clk 1:00:35]} d5 {[%clk 1:27:55]} 14. cxd5
{[%clk 0:59:14]} Qxd5 {[%clk 1:28:21]} 15. Qxd5 {[%clk 0:59:35]} exd5
{[%clk 1:28:55]} 16. Bf4 {[%clk 0:54:46]} Rc8 {[%clk 1:29:18]} 17. Rfc1
{[%clk 0:48:47]} Nd7 {[%clk 1:29:41]} 18. Kf1 {[%clk 0:45:33]} f6 19. a3
{[%clk 0:39:19]} Be7 {[%clk 1:29:44]} 20. Bc7 Kf7 {[%clk 1:28:51]} 21. Rc3
{[%clk 0:39:11]} Nf8 22. Rac1 {[%clk 0:34:44]} Ne6 {[%clk 1:23:25]} 23. Ke2 Ke8
{[%clk 1:22:16]} 24. Bg3 {[%clk 0:31:54]} Rxc3 {[%clk 1:22:40]} 25. Rxc3
{[%clk 0:32:19]} Kd7 {[%clk 1:23:02]} 26. Kd3 {[%clk 0:31:59]} b5
{[%clk 1:21:00]} 27. Rc2 {[%clk 0:29:25]} Bd8 28. Ng1 {[%clk 0:23:42]} Bb6
{[%clk 1:19:47]} 29. Ne2 Re8 {[%clk 1:16:00]} 30. f3 {[%clk 0:17:44]} a5
{[%clk 1:16:25]} 31. Rc1 {[%clk 0:13:01]} b4 {[%clk 1:13:30]} 32. axb4
{[%clk 0:09:32]} axb4 {[%clk 1:13:56]} 33. Be1 {[%clk 0:08:34]} b3
{[%clk 1:12:15]} 34. Ra1 {[%clk 0:06:47]} Nd8 {[%clk 1:07:43]} 35. Bc3
{[%clk 0:05:59]} Bc7 36. g3 Nf7 {[%clk 1:07:28]} 37. Bd2 {[%clk 0:04:21]} Nd6 38.
Nc3 Kc6 {[%clk 0:58:13]} 39. Ra6+ {[%clk 0:02:56]} Kb7 {[%clk 1:22:53]} 40. Ra3
{[%clk 0:27:08]} Rd8 {[%clk 1:20:52]} 41. Rxb3+ {[%clk 0:27:18]} Kc6
{[%clk 1:20:58]} 42. Bf4 g5 43. Bxd6 {[%clk 0:27:19]} Bxd6 {[%clk 1:21:23]} 44.
Rb5 {[%clk 0:26:13]} Be7 {[%clk 1:19:15]} 45. g4 h5 46. h3 {[%clk 0:21:43]} Ra8
{[%clk 1:11:25]} 47. gxh5 {[%clk 0:17:37]} Rh8 {[%clk 1:11:34]} 48. Ra5
{[%clk 0:14:59]} Rxh5 {[%clk 1:11:21]} 49. Nxd5 {[%clk 0:15:10]} Bd8
{[%clk 1:11:35]} 50. Nxf6 {[%clk 0:14:30]} Rxh3 {[%clk 1:11:36]} 51. Rc5+
{[%clk 0:14:00]} Kb7 {[%clk 1:11:42]} 52. Rb5+ {[%clk 0:13:25]} Kc8
{[%clk 1:11:20]} 53. Rf5 {[%clk 0:12:51]} Bc7 {[%clk 1:09:29]} 54. Ke4
{[%clk 0:11:12]} Bf4 {[%clk 1:08:42]} 55. Nd5 {[%clk 0:10:45]} Bc1
{[%clk 1:09:05]} 56. b4 {[%clk 0:09:19]} Rh4+ {[%clk 1:09:30]} 57. Kd3
{[%clk 0:08:51]} Bb2 {[%clk 1:09:54]} 58. Nc3 {[%clk 0:08:54]} Rh3
{[%clk 1:10:15]} 59. Nd1 {[%clk 0:08:12]} Ba3 {[%clk 1:10:38]} 60. Kc4
{[%clk 0:07:50]} Bc1 {[%clk 1:09:39]} 61. Nf2 {[%clk 0:08:08]} Rh4
{[%clk 1:10:03]} 62. Kd5 {[%clk 0:06:19]} Be3 {[%clk 1:09:48]} 63. Ng4
{[%clk 0:06:31]} Bf4 {[%clk 1:10:05]} 64. Kc6 {[%clk 0:06:15]} Kd8
{[%clk 1:09:51]} 65. b5 {[%clk 0:06:40]} Rh1 {[%clk 1:10:00]} 66. b6
{[%clk 0:06:22]} Rc1+ {[%clk 1:10:09]} 67. Rc5 {[%clk 0:06:16]} Rd1
{[%clk 1:10:22]} 68. Rd5+ {[%clk 0:05:47]} Ke7 {[%clk 1:10:45]} 69. Ne5
{[%clk 0:05:00]} Ke6 {[%clk 1:10:03]} 70. b7 {[%clk 0:04:59]} Kxd5+
{[%clk 1:10:00]} 1-0

[Event "Moscow_Open_19_TurnirA"]
[Site "?"]
[Date "2019.02.01"]
[Round "7.1"]
[White "Grachev, Boris"]
[Black "Khanin, Semen"]
[Result "1/2-1/2"]
[BlackElo "2514"]
[WhiteElo "2626"]
[LiveChessVersion "1.4.8"]

1. Nf3 {[%clk 1:28:55]} Nf6 {[%clk 1:30:57]} 2. c4 {[%clk 1:29:21]} g6
{[%clk 1:31:23]} 3. Nc3 {[%clk 1:28:45]} Bg7 {[%clk 1:31:49]} 4. g3
{[%clk 1:29:09]} O-O {[%clk 1:32:13]} 5. Bg2 {[%clk 1:29:35]} d5 {[%clk 1:32:37]}
6. cxd5 {[%clk 1:29:58]} Nxd5 {[%clk 1:33:03]} 7. h4 {[%clk 1:30:10]} Nxc3
{[%clk 1:31:03]} 8. bxc3 {[%clk 1:30:19]} e5 {[%clk 1:31:25]} 9. Qc2
{[%clk 1:26:13]} Bf5 {[%clk 1:22:28]} 10. d3 {[%clk 1:24:37]} Nc6
{[%clk 1:13:35]} 11. Nd2 {[%clk 1:16:07]} h6 {[%clk 1:04:56]} 12. Rb1
{[%clk 1:11:05]} Rb8 {[%clk 1:03:09]} 13. O-O Qd7 {[%clk 1:00:54]} 14. Ne4
{[%clk 0:54:48]} b6 {[%clk 1:00:49]} 15. Rd1 {[%clk 0:51:45]} Kh7
{[%clk 0:55:53]} 16. Ba3 {[%clk 0:32:14]} Rfe8 {[%clk 0:55:11]} 17. Qa4
{[%clk 0:29:55]} Na5 {[%clk 0:53:20]} 18. Qxd7 {[%clk 0:29:11]} Bxd7
{[%clk 0:53:46]} 19. Bb4 {[%clk 0:29:36]} Nc6 {[%clk 0:54:00]} 20. Ba3
{[%clk 0:30:01]} Na5 {[%clk 0:54:27]} 21. Bb4 {[%clk 0:30:27]} Nc6
{[%clk 0:54:53]} 22. Ba3 {[%clk 0:30:39]} 1/2-1/2

[Event "Moscow_Open_19_TurnirA"]
[Site "?"]
[Date "2019.02.01"]
[Round "7.3"]
[White "Pridorozhni, Aleksei"]
[Black "Korneev, Oleg"]
[Result "1/2-1/2"]
[BlackElo "2545"]
[WhiteElo "2568"]
[LiveChessVersion "1.4.8"]

1. e4 {[%clk 1:18:13]} e5 {[%clk 1:27:35]} 2. Nf3 {[%clk 1:18:36]} Nc6
{[%clk 1:28:01]} 3. Bb5 {[%clk 1:18:50]} Nf6 {[%clk 1:26:20]} 4. O-O
{[%clk 1:19:09]} Nxe4 {[%clk 1:26:43]} 5. d4 {[%clk 1:19:32]} Nd6
{[%clk 1:27:08]} 6. Bxc6 {[%clk 1:19:48]} dxc6 {[%clk 1:27:35]} 7. dxe5
{[%clk 1:20:13]} Nf5 {[%clk 1:28:01]} 8. Qxd8+ {[%clk 1:20:37]} Kxd8
{[%clk 1:28:28]} 9. h3 {[%clk 1:20:51]} Ke8 {[%clk 1:28:56]} 10. Nc3
{[%clk 1:20:48]} h5 {[%clk 1:29:23]} 11. Bg5 {[%clk 1:20:44]} Be6
{[%clk 1:29:12]} 12. Rfd1 {[%clk 1:19:39]} Be7 {[%clk 1:27:28]} 13. b3
{[%clk 1:16:09]} Rd8 {[%clk 1:20:38]} 14. Rxd8+ {[%clk 1:07:47]} Kxd8
{[%clk 1:19:28]} 15. Rd1+ {[%clk 1:06:26]} Ke8 16. Bxe7 {[%clk 1:06:26]} Kxe7 17.
Ne2 {[%clk 1:00:35]} h4 {[%clk 0:36:59]} 18. c4 {[%clk 0:53:39]} c5
{[%clk 0:31:39]} 19. Ng5 {[%clk 0:50:30]} a5 {[%clk 0:21:54]} 20. Ne4
{[%clk 0:44:14]} b6 {[%clk 0:21:29]} 21. N4c3 {[%clk 0:44:37]} Ra8
{[%clk 0:13:24]} 22. Nb5 {[%clk 0:39:24]} c6 {[%clk 0:11:44]} 23. Nbc3
{[%clk 0:39:36]} Rd8 {[%clk 0:10:00]} 24. Rxd8 {[%clk 0:31:59]} Kxd8
{[%clk 0:10:28]} 25. Nf4 {[%clk 0:32:17]} Bd7 {[%clk 0:07:40]} 26. Kf1
{[%clk 0:26:16]} Nd4 {[%clk 0:07:28]} 27. Ke1 {[%clk 0:26:38]} Bf5
{[%clk 0:07:21]} 28. Kd2 {[%clk 0:26:00]} Kd7 {[%clk 0:04:56]} 29. Nfe2
{[%clk 0:24:16]} Ke6 {[%clk 0:03:10]} 30. f4 {[%clk 0:20:43]} g5 {[%clk 0:02:46]}
31. Ke3 {[%clk 0:21:05]} Nc2+ {[%clk 0:03:03]} 32. Kf3 {[%clk 0:21:03]} Ne1+
{[%clk 0:00:39]} 33. Kf2 {[%clk 0:21:28]} Nc2 {[%clk 0:01:03]} 34. Kf3
{[%clk 0:19:51]} Ne1+ {[%clk 0:01:18]} 35. Kf2 {[%clk 0:20:10]} Nc2
{[%clk 0:01:41]} 36. Kf3 {[%clk 0:20:32]} Ne1+ {[%clk 0:02:07]} 1/2-1/2

[Event "Moscow_Open_19_TurnirA"]
[Site "?"]
[Date "2019.02.01"]
[Round "7.4"]
[White "Tsydypov, Zhamsaran"]
[Black "Savchenko, Boris"]
[Result "0-1"]
[BlackElo "2562"]
[WhiteElo "2545"]
[LiveChessVersion "1.4.8"]

1. e4 {[%clk 1:21:28]} e6 2. d4 d5 {[%clk 1:31:05]} 3. Nc3 {[%clk 1:21:46]} Bb4
{[%clk 1:31:17]} 4. e5 {[%clk 1:21:54]} c5 {[%clk 1:31:38]} 5. a3
{[%clk 1:22:10]} Bxc3+ {[%clk 1:31:58]} 6. bxc3 Qa5 7. Bd2 {[%clk 1:22:13]} Qa4
{[%clk 1:32:46]} 8. Qg4 {[%clk 1:22:01]} Kf8 {[%clk 1:33:02]} 9. h4
{[%clk 1:21:07]} Nc6 {[%clk 1:33:16]} 10. h5 {[%clk 1:18:30]} h6 {[%clk 1:33:12]}
11. Bd3 {[%clk 1:10:08]} Nxe5 {[%clk 0:49:49]} 12. Qf4 {[%clk 1:05:21]} Nxd3+
{[%clk 0:49:49]} 13. cxd3 {[%clk 1:05:21]} c4 14. dxc4 Ne7 15. cxd5
{[%clk 0:53:03]} Nxd5 {[%clk 0:49:49]} 16. Qd6+ {[%clk 0:53:02]} Kg8
{[%clk 0:49:57]} 17. Nf3 {[%clk 0:53:20]} b6 {[%clk 0:49:57]} 18. Ne5
{[%clk 0:45:25]} Ba6 19. Rc1 Kh7 {[%clk 0:38:46]} 20. Nxf7 {[%clk 0:33:21]} Rhf8
{[%clk 0:07:47]} 21. Ne5 {[%clk 0:32:38]} Rac8 {[%clk 0:03:10]} 22. f3
{[%clk 0:15:16]} Rfe8 {[%clk 0:02:34]} 23. g4 Rcd8 {[%clk 0:02:30]} 24. Qc6
{[%clk 0:12:09]} Bb5 {[%clk 0:02:51]} 25. Qb7 Re7 {[%clk 0:03:13]} 26. Qxe7
{[%clk 0:12:09]} Nxe7 {[%clk 0:03:37]} 27. g5 {[%clk 0:12:36]} Nc6
{[%clk 0:02:46]} 28. Nf7 Qc4 0-1

[Event "Moscow_Open_19_TurnirA"]
[Site "?"]
[Date "2019.02.01"]
[Round "7.6"]
[White "Sjugirov, Sanan"]
[Black "Drygalov, Sergey"]
[Result "1-0"]
[BlackElo "2442"]
[WhiteElo "2663"]
[LiveChessVersion "1.4.8"]

1. d4 {[%clk 1:30:57]} Nf6 {[%clk 1:28:03]} 2. c4 {[%clk 1:31:15]} e6
{[%clk 1:28:18]} 3. Nf3 {[%clk 1:31:08]} b6 {[%clk 1:27:29]} 4. g3
{[%clk 1:31:29]} Ba6 {[%clk 1:27:44]} 5. b3 {[%clk 1:31:50]} Bb4+
{[%clk 1:28:03]} 6. Bd2 {[%clk 1:32:12]} Be7 {[%clk 1:28:28]} 7. Bg2
{[%clk 1:32:34]} d5 {[%clk 1:28:54]} 8. cxd5 {[%clk 1:32:22]} exd5
{[%clk 1:29:20]} 9. Nc3 {[%clk 1:32:23]} O-O {[%clk 1:29:31]} 10. O-O
{[%clk 1:32:29]} Bb7 {[%clk 1:27:03]} 11. Bc1 Na6 {[%clk 1:24:32]} 12. Bb2
{[%clk 1:32:23]} c6 {[%clk 1:24:18]} 13. Ne5 Nc7 14. Rc1 {[%clk 1:21:21]} Ne6
{[%clk 1:21:55]} 15. e3 {[%clk 1:20:57]} Rc8 {[%clk 1:17:57]} 16. Re1
{[%clk 1:08:54]} c5 {[%clk 0:41:14]} 17. dxc5 {[%clk 1:08:54]} bxc5 18. Rc2 Qa5
{[%clk 0:41:14]} 19. Ree2 {[%clk 0:53:26]} Rcd8 {[%clk 0:35:54]} 20. Red2 Ne4 21.
Nxd5 {[%clk 0:42:35]} Bxd5 {[%clk 0:28:01]} 22. Rxd5 {[%clk 0:42:53]} Rxd5
{[%clk 0:27:46]} 23. Qxd5 {[%clk 0:43:18]} Qe1+ {[%clk 0:26:22]} 24. Bf1
{[%clk 0:41:59]} N6g5 {[%clk 0:25:44]} 25. Nc6 {[%clk 0:39:06]} Bd6
{[%clk 0:23:33]} 26. Kg2 {[%clk 0:36:29]} Re8 {[%clk 0:22:51]} 27. Qd3
{[%clk 0:32:10]} Qb1 {[%clk 0:23:14]} 28. h4 {[%clk 0:26:08]} Ne6
{[%clk 0:23:06]} 29. Bc1 {[%clk 0:23:32]} f5 {[%clk 0:21:20]} 30. Qc4
{[%clk 0:18:44]} Qa1 {[%clk 0:19:31]} 31. Rb2 {[%clk 0:11:27]} Bf8
{[%clk 0:17:28]} 32. Bd3 {[%clk 0:11:06]} g6 {[%clk 0:16:28]} 33. Bxe4
{[%clk 0:09:36]} fxe4 {[%clk 0:16:36]} 34. Nd8 {[%clk 0:09:35]} Rxd8
{[%clk 0:14:43]} 35. Qxe6+ {[%clk 0:09:54]} Kg7 {[%clk 0:15:10]} 36. Rc2
{[%clk 0:09:55]} Kh6 {[%clk 0:14:35]} 37. Qxe4 {[%clk 0:07:48]} Qf6
{[%clk 0:14:57]} 38. Qb7 {[%clk 0:07:41]} Qe7 {[%clk 0:15:09]} 39. e4+
{[%clk 0:07:41]} 1-0

[Event "Moscow_Open_19_TurnirA"]
[Site "?"]
[Date "2019.02.01"]
[Round "7.7"]
[White "Golubov, Saveliy"]
[Black "Lysyj, Igor"]
[Result "0-1"]
[BlackElo "2633"]
[WhiteElo "2482"]
[LiveChessVersion "1.4.8"]

1. d4 {[%clk 1:28:54]} Nf6 {[%clk 1:30:39]} 2. Nf3 {[%clk 1:28:35]} d5
{[%clk 1:30:53]} 3. e3 {[%clk 1:28:28]} c5 4. b3 cxd4 {[%clk 1:30:17]} 5. exd4
{[%clk 1:24:27]} Nc6 {[%clk 1:29:55]} 6. Bb2 {[%clk 1:23:50]} g6 {[%clk 1:29:55]}
7. a3 {[%clk 1:19:09]} Bf5 {[%clk 1:24:48]} 8. Bd3 {[%clk 1:05:55]} Bxd3
{[%clk 1:21:57]} 9. Qxd3 {[%clk 1:16:17]} Bg7 {[%clk 1:22:19]} 10. Nbd2
{[%clk 1:16:17]} O-O {[%clk 1:22:18]} 11. O-O {[%clk 1:08:48]} Qb6
{[%clk 1:22:13]} 12. c4 {[%clk 0:43:12]} dxc4 {[%clk 1:22:13]} 13. bxc4
{[%clk 0:43:12]} Rfd8 {[%clk 1:22:13]} 14. Rab1 {[%clk 0:43:12]} Qa6 15. Qe3
{[%clk 0:40:58]} e6 {[%clk 1:21:30]} 16. Qf4 Ne7 17. Ne5 {[%clk 0:37:24]} Nf5
{[%clk 1:06:39]} 18. Nb3 {[%clk 0:36:38]} Nh5 {[%clk 0:58:33]} 19. Qe4
{[%clk 0:32:51]} Nd6 20. Qf3 {[%clk 0:19:55]} Bxe5 {[%clk 0:56:48]} 21. dxe5
{[%clk 0:20:20]} Nxc4 {[%clk 0:57:13]} 22. g4 {[%clk 0:20:46]} Ng7
{[%clk 0:52:38]} 23. Bc3 {[%clk 0:14:17]} Qxa3 {[%clk 0:46:55]} 24. Qxb7
{[%clk 0:14:16]} Rab8 {[%clk 0:40:01]} 0-1

[Event "Moscow_Open_19_TurnirA"]
[Site "?"]
[Date "2019.02.01"]
[Round "7.8"]
[White "Timofeev, Artyom"]
[Black "Korchmar, Vasiliy"]
[Result "1-0"]
[BlackElo "2424"]
[WhiteElo "2592"]
[LiveChessVersion "1.4.8"]

1. d4 Nf6 2. c4 e6 3. Nc3 Bb4 4. e3 O-O 5. Bd3 d5 {[%clk 1:29:40]} 6. Nf3
{[%clk 1:31:13]} dxc4 {[%clk 1:29:40]} 7. Bxc4 {[%clk 1:31:37]} c5
{[%clk 1:29:01]} 8. O-O {[%clk 1:27:53]} b6 {[%clk 1:29:05]} 9. dxc5
{[%clk 1:26:59]} Qxd1 {[%clk 1:25:44]} 10. Rxd1 {[%clk 1:27:24]} Bxc5
{[%clk 1:25:37]} 11. b3 {[%clk 1:27:19]} Nc6 {[%clk 1:22:05]} 12. Bb2
{[%clk 1:26:08]} Bb7 13. Kf1 {[%clk 1:21:44]} Rfd8 {[%clk 1:21:44]} 14. Ke2 Kf8
{[%clk 1:21:05]} 15. h3 {[%clk 1:22:03]} Ke7 {[%clk 1:19:17]} 16. g4
{[%clk 1:21:33]} h6 {[%clk 1:19:32]} 17. Rac1 {[%clk 1:18:14]} Rac8
{[%clk 1:18:15]} 18. Bb5 {[%clk 1:16:16]} Rxd1 {[%clk 0:49:29]} 19. Rxd1
{[%clk 1:08:45]} Bb4 20. Bd3 Ke8 {[%clk 0:39:36]} 21. a3 {[%clk 0:52:51]} Be7
{[%clk 0:39:20]} 22. Nd2 Ne5 {[%clk 0:24:45]} 23. Bb5+ {[%clk 0:52:35]} Kf8
{[%clk 0:25:13]} 24. f4 {[%clk 0:51:41]} Ng6 {[%clk 0:25:15]} 25. Rg1
{[%clk 0:42:43]} Bc5 {[%clk 0:15:24]} 26. Rc1 {[%clk 0:43:02]} Be7
{[%clk 0:14:01]} 27. Nf3 {[%clk 0:37:29]} Ne4 {[%clk 0:12:14]} 28. Nxe4
{[%clk 0:36:05]} Rxc1 {[%clk 0:12:38]} 29. Bxc1 {[%clk 0:36:32]} Bxe4
{[%clk 0:13:03]} 30. Bd3 {[%clk 0:36:37]} Bd5 {[%clk 0:12:33]} 31. b4
{[%clk 0:32:09]} Nh4 {[%clk 0:07:55]} 32. e4 {[%clk 0:32:09]} Bb7
{[%clk 0:08:03]} 33. Nd4 {[%clk 0:30:23]} Bd6 {[%clk 0:07:59]} 34. e5
{[%clk 0:24:53]} Bb8 {[%clk 0:08:27]} 35. Bb5 {[%clk 0:24:44]} g5
{[%clk 0:05:39]} 36. Bc6 {[%clk 0:19:20]} Ba6+ {[%clk 0:06:01]} 37. b5
{[%clk 0:16:48]} Bc8 38. Ba8 gxf4 {[%clk 0:01:46]} 39. Bxf4 {[%clk 0:14:22]} Ng6
{[%clk 0:00:35]} 40. Bxh6+ {[%clk 0:44:08]} Ke8 {[%clk 0:30:35]} 41. Nc6
{[%clk 0:40:44]} Bxe5 {[%clk 0:30:39]} 42. h4 {[%clk 0:36:23]} Bb2
{[%clk 0:20:47]} 43. Nxa7 {[%clk 0:32:38]} Bd7 {[%clk 0:20:20]} 44. h5
{[%clk 0:32:43]} Ne7 {[%clk 0:19:16]} 45. a4 {[%clk 0:31:21]} Nd5
{[%clk 0:15:46]} 46. Kf3 {[%clk 0:30:41]} Bh8 {[%clk 0:04:37]} 47. Bc6
{[%clk 0:27:22]} Nc3 {[%clk 0:04:51]} 48. Nc8 {[%clk 0:27:25]} Nxa4
{[%clk 0:02:41]} 49. Nd6+ {[%clk 0:27:05]} Ke7 {[%clk 0:03:10]} 50. Nxf7
{[%clk 0:27:14]} Bxc6+ {[%clk 0:02:20]} 51. bxc6 {[%clk 0:27:38]} Bc3
{[%clk 0:00:40]} 52. Bg5+ {[%clk 0:27:47]} 1-0